000 00815nam a2200313 a 4500
003 AR-BaBNM
005 20251128203232.0
008 082120s2002 ||||||||||||||000 | spa||
020 _a950-13-2235-1
040 _cAR-BaBNM
100 1 _aLaferrère, Gregorio de
245 0 0 _aLocos de verano
260 _aBuenos Aires
_bKapelusz
_c1973
300 _a153 p.
490 0 _aGrandes obras de la literatura universal
500 _aContiene referencias bibliográficas en p. 153
650 4 _aLITERATURA ARGENTINA
650 4 _aLITERATURA POPULAR
650 4 _aTEATRO
650 4 _aCOMEDIA
650 4 _aHUMOR
650 4 _aARTES ESCENICAS
653 _aCOSTUMBRISMO
653 _aCRITICA SOCIAL
655 _aLITERATURA
700 1 _aMonges, Hebe
_eprologuista
942 _cBK
998 _cMARTIN
999 _c2518
_d2518